Normal view MARC view

Entry Topical Term

Number of records used in: 1

001 - CONTROL NUMBER

  • control field: 2199

003 - CONTROL NUMBER IDENTIFIER

  • control field: dpl

005 - DATE AND TIME OF LATEST TRANSACTION

  • control field: 20100728154335.0

008 - FIXED-LENGTH DATA ELEMENTS

  • fixed length control field: 100728|||a|||||| | ||| d

040 ## - CATALOGING SOURCE

  • Original cataloging agency: dpl
  • Transcribing agency: dpl

150 ## - HEADING--TOPICAL TERM

  • Topical term or geographic name as entry element: Embedded computer systems
  • General subdivision: Design and construction.

670 ## - SOURCE DATA FOUND

  • Source citation: Work cat.: (dpl)16328: Raj Kamal 2198, Embedded systems:, 2008.

670 ## - SOURCE DATA FOUND

  • Source citation: Work cat.: (dpl)16328: Raj Kamal 2198, Embedded systems:, 2008.

© Delhi Public Library
Hit Counter
free hit counter